| 000 | 00991 a2200229 4500 | ||
|---|---|---|---|
| 020 | _a0072118598 | ||
| 040 |
_aLibrary of Congress _bEnglish |
||
| 082 | 0 | 0 | _a005.369 |
| 100 | 1 | _aNelson, Stephen L., | |
| 245 | 1 | 0 |
_aOffice 2000 : the complete reference _cStephen L. Nelson. |
| 260 |
_aBerkeley, Calif. : _bOsborne/McGraw-Hill, _cc1999. |
||
| 300 |
_axxxiv, 1040 p. : _bill. ; _c23 cm. + _e1 computer optical disc (4 3/4 in.) |
||
| 500 | _aIncludes index. | ||
| 500 | _aCD-ROM contains more than fifty prefabricated templates that can be used to create Word files, Excel spreadsheets, and PowerPoint presentations. | ||
| 650 | 0 |
_aBusiness _xComputer programs. |
|
| 650 | 0 | _aWord processing. | |
| 650 | 0 | _aElectronic spreadsheets. | |
| 650 | 0 | _aPresentation graphics software. | |
| 856 | 4 | 2 |
_3Publisher description _uhttp://www.loc.gov/catdir/description/mh023/99228522.html |
| 856 | 4 | 2 |
_3Table of contents _uhttp://www.loc.gov/catdir/toc/mh023/99228522.html |
| 942 |
_cBK _k005.369 NEL _2ddc |
||
| 999 |
_c6182 _d6182 |
||